000 00302nam a2200121 i 4500
001 bg
245 4 _aDer Einfluß der Witterungsfaktoren auf die Frostgefährdung von Straßen.
260 _aBerlin,
_c1964.
040 _cBPK
041 _apol
942 _cKS
008 s pl f |000 0 pol
999 _c8511
_d8511
856 _uhttp://koha.tu.koszalin.pl/cgi-bin/koha/opac-detail.pl?biblionumber=8511
_yKatalog online BPK